000 01178nas a2200313 c 4500
001 25417
003 ES-MaCES
005 20250404141507.0
008 941006u1900 xxuq| | |eng d
022 1 _a0013-1725
035 _aCES19980003980p
_z10407
040 _aES-MaCES
_bspa
_cES-MaCES
245 0 4 _aThe educational forum
_ca publication of Kappa Delta Pi, an International Honor Society in Education
260 _aWest Lafayette (Post Office Box A, IN 47906-9987)
_bKappa Delta Pi
300 _av.
_c26 cm
310 _aTrimestral
500 _aDescripción basada en. v. 58, no. 3 (Spring 1994)
541 _cCompra
592 _aCancelada
650 4 _aeducación
_927367
653 1 0 _aEducación
710 2 _aKappa Delta Pi
_94405
853 2 1 _avol.
_bno.
_iaño
_jestación
_vr
_wq
_x1000
856 4 1 _uhttps://www.tandfonline.com/loi/utef20
_ytexto completo desde vol. 1, n. 1 (1936)
_zAcceso para usuarios registrados, algunos artículos en acceso abierto
866 0 _a(1994-1995) 1996-2000 (2001) 2002-2003 (2004).
_zUbicación: DEPÓSITO - 10407
905 _1Boletín B
_p+
942 _2CES
_cCR
_h4.0.
999 _c25417
_d25417